[Event "SWE-ch"]
[Site "?"]
[Date "1989.??.??"]
[Round "?"]
[White "Akesson, Ralf"]
[Black "Schneider, Lars Ake"]
[Result "1/2-1/2"]
[WhiteElo "2445"]
[BlackElo "2460"]

1.Nf3 Nf6 2.c4 e6 3.Nc3 c5 4.g3 Nc6 5.Bg2 Be7 6.d4 d5 7.cxd5 exd5 8.O-O O-O
9.Bg5 Be6 10.dxc5 Bxc5 11.Rc1 Bb6 12.Ne1 h6 13.Bxf6 Qxf6 14.Nd3 Rad8 15.Nf4 Qe5
16.Na4 Rfe8 17.Nxb6 axb6 18.Qd2 Bf5 19.Rfd1 Be4 20.f3 Bh7 21.Nxd5 Qxe2 22.Qc3 b5
23.Bf1 Qe5 24.Qxe5 Rxe5 25.Nc3 Rxd1 26.Rxd1 b4 27.Nb5 g5 28.Bc4 Rc5 29.Nd6 Ne5
30.Bd5 Bg6 31.Bxb7 Rc2 32.f4 gxf4 33.gxf4 Bh5 34.Rd4 Nf3+ 35.Bxf3 Bxf3 36.Rxb4 Rg2+
37.Kf1 Rxh2 38.a4 h5 39.a5 h4 40.Nf5 h3 41.Rb8+ Kh7 42.Rb6 Kg8 43.Rb8+ Kh7
44.Rb6 Kg8 45.Rb8+  1/2-1/2

[Event "SWE-ch"]
[Site "?"]
[Date "1989.??.??"]
[Round "?"]
[White "Akesson, Ralf"]
[Black "Ziegler, Ari"]
[Result "1-0"]
[WhiteElo "2445"]
[BlackElo "2315"]

1.Nf3 Nf6 2.c4 e6 3.Nc3 c5 4.g3 Nc6 5.Bg2 d5 6.cxd5 exd5 7.d4 Be7 8.O-O O-O
9.Bg5 cxd4 10.Nxd4 h6 11.Be3 Re8 12.Qb3 Na5 13.Qc2 Bg4 14.Nf5 Bf8 15.Rad1 Qd7
16.Nxh6+ gxh6 17.Nxd5 Qe6 18.Rd4 Bf5 19.Qc3 Nxd5 20.Bxd5 Qa6 21.Ra4 Qxe2
22.Rxa5 Be6 23.Bxe6 Rxe6 24.Rd5 Qf3 25.Rfd1 a6 26.Rd8 Re8 27.R8d7 Rac8 28.Qb3 b5
29.Qd5 Qf6 30.Rd4 Rc4 31.Rxc4 bxc4 32.Qxc4 Bg7 33.b3 Re6 34.Qd3 Re8 35.Qd5 Qg6
36.Kg2 Bf8 37.Rc7 Re6 38.Rc8 Rd6 39.Rxf8+ Kxf8 40.Bc5 Ke7  1-0

[Event "SWE-ch"]
[Site "?"]
[Date "1989.??.??"]
[Round "?"]
[White "Ornstein, Axel"]
[Black "Sjodahl, Pontus"]
[Result "0-1"]
[WhiteElo "2460"]
[BlackElo "2240"]

1.c4 Nf6 2.Nc3 c5 3.Nf3 g6 4.e4 Bg7 5.d4 cxd4 6.Nxd4 Nc6 7.Be3 Ng4 8.Qxg4 Nxd4
9.Qd1 Ne6 10.Rc1 Qa5 11.Bd3 b6 12.O-O Bb7 13.a3 Bc6 14.Bb1 g5 15.Rc2 Qe5
16.Rd2 h5 17.Re1 g4 18.Nd5 Bh6 19.b4 d6 20.Bc2 Bxe3 21.Nxe3 Rc8 22.Ba4 Kf8
23.Bxc6 Rxc6 24.Qa4 Rc7 25.Qc2 Qg5 26.Rd5 Qg6 27.Qc3 Qg7 28.e5 dxe5 29.Nf5 Qf6
30.Rexe5 Rc8 31.Qd2 h4 32.c5 bxc5 33.bxc5 Rh5 34.c6 Qg5 35.Qe1 Rxc6 36.Nxe7 Rc1
37.Kf1 Rxe1+ 38.Kxe1 Qxe7 39.Rxh5 Qxa3  0-1

[Event "Tallinn"]
[Site "Tallinn"]
[Date "1989.??.??"]
[Round "6"]
[White "Gavrikov, Viktor"]
[Black "Ehlvest, Jaan"]
[Result "1/2-1/2"]
[WhiteElo "2535"]
[BlackElo "2600"]

1.Nf3 c5 2.c4 Nf6 3.Nc3 e6 4.g3 b6 5.Bg2 Bb7 6.O-O d6 7.b3 Nbd7 8.Bb2 Be7
9.d4 cxd4 10.Nxd4 Bxg2 11.Kxg2 Qc7 12.e4 Qb7 13.f3 O-O 14.Re1 a6 15.Qd2 Rfd8
16.Rad1 Nc5 17.Re2 Ne8 18.Qc2 Bf8 19.a4 Rac8 20.Bc1 Nf6 21.Qb2 Ncd7 22.Nc2 Ne5
23.Ne1 h6 24.b4 Nc6 25.Nc2  1/2-1/2

[Event "Tallinn"]
[Site "Tallinn"]
[Date "1989.??.??"]
[Round "10"]
[White "Gavrikov, Viktor"]
[Black "Psakhis, Lev"]
[Result "1/2-1/2"]
[WhiteElo "2535"]
[BlackElo "2585"]

1.Nf3 c5 2.c4 Nf6 3.Nc3 b6 4.g3 Bb7 5.Bg2 g6 6.O-O Bg7 7.d4 cxd4 8.Nxd4 Bxg2
9.Kxg2 O-O 10.e4 Qc7 11.Qe2 Nc6 12.Nxc6 Qxc6 13.Bd2 e6 14.Rac1  1/2-1/2

[Event "Tapolca"]
[Site "Tapolca"]
[Date "1989.??.??"]
[Round "?"]
[White "Banas, Jan"]
[Black "Szalanczy, Emil"]
[Result "1/2-1/2"]
[WhiteElo "2410"]
[BlackElo "2400"]

1.c4 Nf6 2.Nc3 c5 3.Nf3 g6 4.d4 cxd4 5.Nxd4 Bg7 6.e4 Nc6 7.Be3 Ng4 8.Qxg4 Nxd4
9.Qd1 Nc6 10.Qd2 d6 11.Be2 Be6 12.b3 O-O 13.O-O f5 14.exf5 gxf5 15.f4 Kh8
16.Bf3 Qa5 17.Rac1 Bg8 18.Rfd1 Rad8 19.Nb5 Qxd2 20.Rxd2 a6 21.Nd4 Nxd4 22.Bxd4 Bxd4+
23.Rxd4 b6 24.Re1 Rd7 25.Rd3 Kg7 26.Bd5 Bxd5 27.cxd5 Rc7 28.Rg3+ Kf7 29.Rh3 Kg8
30.Rg3+ Kf7 31.Rh3  1/2-1/2

[Event "Tapolca"]
[Site "Tapolca"]
[Date "1989.??.??"]
[Round "?"]
[White "Busch, Klaus"]
[Black "Dragojlovic, Andjelko"]
[Result "1-0"]
[WhiteElo "2255"]
[BlackElo "2315"]

1.Nf3 Nf6 2.c4 c5 3.Nc3 g6 4.g3 Bg7 5.Bg2 O-O 6.O-O Nc6 7.d4 cxd4 8.Nxd4 Nxd4
9.Qxd4 d6 10.Qd3 a6 11.Bd2 Bf5 12.e4 Bd7 13.Rac1 Qc8 14.Bg5 Bh3 15.Nd5 Re8
16.Nb6 Qc6 17.Bxh3 Qxb6 18.b3 Qa5 19.Bd2 Qxa2 20.Ra1  1-0

[Event "Tapolca"]
[Site "Tapolca"]
[Date "1989.??.??"]
[Round "?"]
[White "Banas, Jan"]
[Black "Madl, Ildiko"]
[Result "0-1"]
[WhiteElo "2410"]
[BlackElo "2270"]

1.c4 Nf6 2.Nc3 c5 3.Nf3 g6 4.d4 Bg7 5.e4 O-O 6.Be2 d6 7.O-O Nc6 8.d5 Na5
9.h3 e5 10.Nd2 Ne8 11.a3 b6 12.b4 Nb7 13.Nb3 f5 14.Bd2 Nf6 15.Bf3 Bd7 16.Re1 f4
17.Nc1 Qc8 18.Be2 g5 19.Nd3 g4 20.hxg4 Nxg4 21.bxc5 dxc5 22.f3 Nh6 23.Qc2 Nf7
24.Nd1 Qd8 25.Bf1 Qh4 26.Bc3 Rae8 27.Qf2 Qh5 28.Qb2 Nfd6 29.Nc1 Bf6 30.Bd3 Rf7
31.Ne2 Bh4 32.Nf2 Qg5 33.Nc1 Rg7 34.Bf1 Bg3 35.Ng4 Bxg4 36.fxg4 Qh4 37.Bd3 Bxe1
38.Bxe5 Qf2+  0-1

[Event "Tapolca"]
[Site "Tapolca"]
[Date "1989.??.??"]
[Round "?"]
[White "Busch, Klaus"]
[Black "Morvay, Miklos"]
[Result "1-0"]
[WhiteElo "2255"]
[BlackElo "2305"]

1.Nf3 c5 2.c4 Nf6 3.Nc3 g6 4.d4 cxd4 5.Nxd4 Bg7 6.g3 Nc6 7.Bg2 O-O 8.O-O d6
9.Nc2 Bd7 10.b3 a6 11.Bb2 Qa5 12.Nd5 Nxd5 13.Bxg7 Nc3 14.Bxc3 Qxc3 15.Ne3 Qa5
16.Nd5 Rfe8 17.h4 b5 18.b4 Qd8 19.c5 dxc5 20.bxc5 Ra7 21.Nb6 Nb8 22.a4 bxa4
23.Nxd7 Rxd7 24.Qxa4 Rd4 25.Qc2 Qc7 26.Rab1 Rc8 27.Rb7 Qd8 28.Rc1 Rd2 29.Qc4 Nc6
30.Qxa6 Nd4 31.Bf1 Qd5 32.Rxe7 Rxc5 33.Rxc5 Qxc5 34.Qf6 Nf3+ 35.Kh1  1-0

[Event "Wch U20"]
[Site "Tunja"]
[Date "1989.??.??"]
[Round "1"]
[White "Georges, Sacha"]
[Black "Ulibin, Mikhail"]
[Result "0-1"]
[WhiteElo "2220"]
[BlackElo "2495"]

1.c4 Nf6 2.Nf3 c5 3.Nc3 e6 4.g3 b6 5.Bg2 Bb7 6.O-O Be7 7.d4 cxd4 8.Qxd4 d6
9.Rd1 a6 10.b3 Nbd7 11.Bb2 O-O 12.Rac1 Rc8 13.e4 Qc7 14.Qe3 Rfd8 15.Nd4 Bf8
16.h3 h5 17.Qe2 Re8 18.g4 hxg4 19.hxg4 d5 20.g5 Nxe4 21.Nxe4 dxe4 22.Bxe4 Nc5
23.Bb1 Qf4 24.Qh5 Ne4 25.Nf3 e5 26.Rd7 Bc5 27.Kg2 g6  0-1

[Event "Wch U20"]
[Site "Tunja"]
[Date "1989.??.??"]
[Round "6"]
[White "Hsu Li Yang"]
[Black "Koch, Jean Rene"]
[Result "0-1"]
[WhiteElo "2315"]
[BlackElo "2420"]

1.Nf3 c5 2.c4 Nf6 3.Nc3 g6 4.g3 b6 5.Bg2 Bb7 6.b3 Bg7 7.Bb2 O-O 8.O-O Na6
9.d4 cxd4 10.Nxd4 Bxg2 11.Kxg2 Qc7 12.e4 Qb7 13.Qe2 d6 14.Rad1 Rac8 15.h3 Rfd8
16.Kh2 Nc5 17.Rfe1 e6 18.Ndb5 Qe7 19.f4 a6 20.Nd4 Qc7 21.Qf3 Ncd7 22.Rd2 h5
23.Nde2 Nc5 24.Kg2 Qb7 25.Red1 Qb8 26.Nd4 Qa8 27.Re2 h4 28.f5 hxg3 29.fxg6 fxg6
30.b4 e5 31.Nd5 Nxd5 32.exd5 exd4 33.bxc5 dxc5 34.Re7 Rf8 35.Qg4 Rce8 36.Rde1 Rxe7
37.Rxe7 Rf2+ 38.Kg1 Qf8 39.Qe6+ Kh7 40.Qe1 Rxb2  0-1

[Event "Wch U20"]
[Site "Tunja"]
[Date "1989.??.??"]
[Round "8"]
[White "Serper, Grigory"]
[Black "Sorensen, Jan"]
[Result "0-1"]
[WhiteElo "2420"]
[BlackElo "2335"]

1.c4 c5 2.Nf3 Nf6 3.Nc3 g6 4.d4 cxd4 5.Nxd4 Bg7 6.e4 d6 7.Be2 O-O 8.O-O Nc6
9.Be3 Bd7 10.Re1 Nxd4 11.Bxd4 Bc6 12.f3 a5 13.Qd2 Nd7 14.Be3 Nc5 15.b3 Qb6
16.Nb5 Rfc8 17.Rec1 Qd8 18.Nd4 Bd7 19.Rab1 Qf8 20.Rd1 h5 21.Bd3 Kh7 22.Ne2 Bh6
23.Nf4 Bc6 24.Nd5 Bxd5 25.exd5 Bxe3+ 26.Qxe3 Re8 27.Bc2 e6 28.dxe6 Rxe6 29.Qd2 b6
30.Re1 Rae8 31.a3 Rxe1+ 32.Rxe1 Rxe1+ 33.Qxe1 Qg7 34.h4 Qb2 35.Qd1 Qxa3 36.f4 Ne6
37.Qxh5+ Kg7 38.Qd1 Qc5+ 39.Kf1 Nxf4 40.Qf3 Qe5 41.g3 Ne6 42.Bd1 Nd4 43.Qd3 Nf5
44.Kf2 Qc5+  0-1

[Event "Wch U20"]
[Site "Tunja"]
[Date "1989.??.??"]
[Round "12"]
[White "Huda, Rehan"]
[Black "Sorensen, Jan"]
[Result "1/2-1/2"]
[WhiteElo "2230"]
[BlackElo "2335"]

1.Nf3 Nf6 2.c4 c5 3.Nc3 g6 4.g3 Bg7 5.Bg2 O-O 6.O-O Nc6 7.d4 cxd4 8.Nxd4 Nxd4
9.Qxd4 d6 10.Qd3 a6 11.Bd2  1/2-1/2

[Event "Uzes op"]
[Site "Uzes"]
[Date "1989.??.??"]
[Round "6"]
[White "Pein, Malcolm"]
[Black "Prie, Eric"]
[Result "1-0"]
[WhiteElo "2385"]
[BlackElo "2405"]

1.Nf3 c5 2.c4 Nf6 3.Nc3 e6 4.g3 b6 5.Bg2 Bb7 6.O-O d6 7.Re1 Nbd7 8.e4 Ne5
9.d4 Nxf3+ 10.Bxf3 cxd4 11.Qxd4 Be7 12.b3 O-O 13.Ba3 Qb8 14.Rad1 Rd8 15.Qe3 Nd7
16.Rd2 a6 17.Red1 Nc5 18.h4 Re8 19.e5 Bxf3 20.Qxf3 dxe5 21.b4 e4 22.Qe2 Nd3
23.Nxe4 Nxb4 24.Qh5 Nc6 25.Bb2 Ra7 26.Rd7 Rxd7 27.Rxd7 h6 28.Nf6+ gxf6 29.Bxf6 Rd8
30.Rxe7 Nxe7 31.Qxh6  1-0

[Event "Val Thorens"]
[Site "Val Thorens"]
[Date "1989.??.??"]
[Round "8"]
[White "Ghitescu, Theodor"]
[Black "Nemirovski, Serge"]
[Result "1/2-1/2"]
[WhiteElo "2390"]
[BlackElo "2365"]

1.c4 Nf6 2.Nc3 c5 3.Nf3 e6 4.g3 b6 5.Bg2 Bb7 6.O-O Be7 7.d4 cxd4 8.Qxd4 Na6
9.b3 O-O 10.Bb2 Nc5 11.Rad1 a6 12.Nh4 Bxg2 13.Nxg2 Qc7 14.Ne3 Rfd8 15.b4 Nb7
16.a3 Rac8 17.Rc1 Qd6 18.Na4 Qxd4 19.Bxd4 b5 20.cxb5 axb5 21.Nc3 Nd6 22.Bc5 Rb8
23.Rfd1 Nc8 24.Bxe7 Nxe7 25.Nc2  1/2-1/2

[Event "Vosu op"]
[Site "Vosu"]
[Date "1989.??.??"]
[Round "?"]
[White "Krivonosov, Oleg"]
[Black "Ionescu, Constantin"]
[Result "1/2-1/2"]
[WhiteElo "2200"]
[BlackElo "2480"]

1.Nf3 c5 2.c4 Nf6 3.Nc3 e6 4.g3 b6 5.Bg2 Bb7 6.O-O a6 7.d4 cxd4 8.Qxd4 d6
9.Bg5 Nbd7 10.Rfd1 Be7 11.Nd2 Bxg2 12.Kxg2 O-O 13.Nde4 Qc7 14.Rac1 Rfd8 15.Nxf6+ Nxf6
16.Ne4 Nxe4 17.Bxe7 Qxe7 18.Qxe4 Rac8 19.Rc3 h6 20.Rcd3 b5 21.b3 Rc5 22.Rd4 bxc4
23.bxc4 Qc7 24.Qd3 a5 25.h4 h5 26.Rd2 g6 27.Rd1 Qc6+ 28.f3 Qc7 29.Rd2 Rd7
30.Kf2 Qc6 31.Rxd6 Rxd6 32.Qxd6 Qxd6 33.Rxd6 Rxc4 34.Rd3 Ra4  1/2-1/2

[Event "Vosu op"]
[Site "Vosu"]
[Date "1989.??.??"]
[Round "?"]
[White "Takacs, B."]
[Black "Kinsman, Andrew PH"]
[Result "1/2-1/2"]
[WhiteElo "2505"]
[BlackElo "2335"]

1.c4 c5 2.Nc3 Nf6 3.Nf3 e6 4.g3 Nc6 5.Bg2 d5 6.cxd5 Nxd5 7.O-O Be7 8.d4 O-O
9.Nxd5 exd5 10.dxc5 Bxc5 11.Bg5 f6 12.Bf4 Bf5 13.Nd2 Bb6 14.e4 Be6 15.exd5 Bxd5
16.Ne4 Nd4 17.Re1  1/2-1/2

[Event "Vosu op"]
[Site "Vosu"]
[Date "1989.??.??"]
[Round "?"]
[White "Donchenko, Anatoly G"]
[Black "Ionescu, Constantin"]
[Result "1/2-1/2"]
[WhiteElo "2370"]
[BlackElo "2480"]

1.Nf3 c5 2.c4 Nf6 3.Nc3 e6 4.g3 b6 5.Bg2 Bb7 6.b3 Be7 7.d4 cxd4 8.Qxd4 d6
9.Ba3 Nc6 10.Qf4 d5 11.Bxe7 Nxe7 12.cxd5 Nexd5 13.Nxd5 Nxd5 14.Qa4+ Qd7 15.Qxd7+ Kxd7
16.O-O-O Ke7 17.Nd4 Rhc8+ 18.Kb2 Rc5 19.Rc1  1/2-1/2

[Event "Vrnjacka Banja"]
[Site "Vrnjacka Banja"]
[Date "1989.??.??"]
[Round "?"]
[White "Cvetkovic, Srdjan"]
[Black "Ilincic, Zlatko"]
[Result "1-0"]
[WhiteElo "2460"]
[BlackElo "2430"]

1.c4 Nf6 2.Nc3 c5 3.Nf3 b6 4.d4 cxd4 5.Nxd4 Bb7 6.f3 e6 7.e4 d6 8.Be3 a6
9.Be2 Be7 10.O-O O-O 11.Qd2 Nbd7 12.a4 Qc7 13.a5 Rfe8 14.Rfc1 Rab8 15.Nd5 exd5
16.cxd5 Qd8 17.Nc6 Bxc6 18.dxc6 Nc5 19.b4 Qc8 20.bxc5 bxc5 21.Qd3 Rb5 22.Qa3 Rb8
23.Qd3 Rb5 24.Bd1 Qxc6 25.Ba4 d5 26.Rab1 Reb8 27.Bxb5 axb5 28.exd5 Nxd5 29.Qe4 f5
30.Qxf5 Nxe3 31.Qe5 Re8 32.Qxe3 c4 33.Kh1 Bc5 34.Qc3 Re3 35.Qc2 Qe8 36.Qd2 Ba3
37.Qd5+ Kh8 38.Qxb5 Bxc1 39.Qxe8+ Rxe8 40.Rxc1 Kg8 41.h4 Rc8 42.Kg1 Rc5 43.a6 Ra5
44.Rxc4 Rxa6 45.Kh2 Kf7 46.h5 Kf6 47.Rc7 h6 48.g4 g6 49.Rh7 Kg5 50.Rg7 Kh4
51.hxg6 Ra2+ 52.Kg1 Kg3 53.Kf1 Rf2+ 54.Ke1 Rxf3 55.Rf7 Re3+ 56.Kd2 Re4 57.g5  1-0

[Event "Vrnjacka Banja"]
[Site "Vrnjacka Banja"]
[Date "1989.??.??"]
[Round "?"]
[White "Gulicovski, Klimentije"]
[Black "Marinkovic, Ivan"]
[Result "0-1"]
[WhiteElo "2200"]
[BlackElo "2345"]

1.Nf3 Nf6 2.c4 c5 3.Nc3 b6 4.g3 Bb7 5.Bg2 g6 6.O-O Bg7 7.d3 O-O 8.Rb1 Nc6
9.a3 Nd4 10.e4 Ne8 11.Nxd4 cxd4 12.Ne2 f5 13.exf5 Bxg2 14.Kxg2 Rxf5 15.b4 d6
16.g4 Rf7 17.Bf4 e5 18.Bg3 Qd7 19.Nc1 Qc6+ 20.f3 Bh6 21.Bh4 Be3 22.Nb3 Ng7
23.Nd2 Bxd2 24.Qxd2 Raf8 25.Qd1 Ne6 26.Rb2 b5 27.Rc2 bxc4 28.Rxc4 Qb7 29.h3 h6
30.Rf2 Nf4+ 31.Kh2 Nd5 32.Qc1 g5 33.Bg3 Nc3 34.Rxc3 dxc3 35.Qxc3 Rxf3 36.Qc4+ d5
37.Qa2 Rxf2+ 38.Bxf2 Qf7 39.Bg3 Qf3 40.Qd2 e4 41.dxe4 Qxe4 42.h4 Rf1 43.Qg2 Qxg2+
44.Kxg2 Ra1 45.hxg5 hxg5 46.Be5 Rxa3  0-1

[Event "Warsaw op"]
[Site "Warsaw"]
[Date "1989.??.??"]
[Round "?"]
[White "Chekhov, Valery A"]
[Black "Staniszewski, Piotr"]
[Result "1-0"]
[WhiteElo "2480"]
[BlackElo "2410"]

1.Nf3 Nf6 2.c4 c5 3.Nc3 e6 4.e3 d5 5.d4 a6 6.cxd5 exd5 7.Be2 Nc6 8.O-O Bd6
9.dxc5 Bxc5 10.b3 O-O 11.Bb2 Bg4 12.Rc1 Qd6 13.Qc2 Ba7 14.Rfd1 Rad8 15.Ng5 d4
16.Bxg4 d3 17.Nce4 Nxe4 18.Nxe4 Qg6 19.Qc4  1-0

[Event "Warsaw op"]
[Site "Warsaw"]
[Date "1989.??.??"]
[Round "?"]
[White "Kalinitschew, Sergey"]
[Black "Magerramov, Elmar"]
[Result "1/2-1/2"]
[WhiteElo "2425"]
[BlackElo "2440"]

1.c4 c5 2.Nf3 Nf6 3.Nc3 e6 4.g3 d5 5.cxd5 Nxd5 6.Bg2 Nc6 7.O-O Be7 8.d4 O-O
9.Rb1 Re8 10.dxc5 Bxc5 11.Qc2 Ncb4 12.Qb3 Qe7 13.a3 Nxc3 14.Qxc3 Na2 15.Qc4 Nxc1
16.Rbxc1 Bd6 17.Rfd1 Rd8 18.h4 h6 19.Qe4 Rb8 20.Qd4 b6 21.Ne5 Bb7 22.Bxb7 Bxe5
23.Qxe5 Qxb7 24.Rxd8+ Rxd8 25.f3 Rd5 26.Qe4 Qd7 27.Kf2 h5 28.b4 a5 29.Qf4 e5
30.Qe4 g6 31.Rc8+ Kg7 32.Rb8  1/2-1/2

[Event "Warsaw op"]
[Site "Warsaw"]
[Date "1989.??.??"]
[Round "?"]
[White "Schmidt, Wlodzimierz"]
[Black "Delekta, Piotr"]
[Result "1-0"]
[WhiteElo "2460"]
[BlackElo "2285"]

1.Nf3 c5 2.c4 Nf6 3.Nc3 g6 4.d4 cxd4 5.Nxd4 Bg7 6.e4 d6 7.Be2 O-O 8.Be3 Nc6
9.O-O Bd7 10.Qd2 Nxd4 11.Bxd4 Bc6 12.f3 a5 13.Rab1 Nh5 14.Be3 f5 15.exf5 gxf5
16.Rfe1 f4 17.Bf2 Be5 18.Rbd1 e6 19.c5 Rf7 20.cxd6 Rg7 21.Bf1 Qg5 22.Qe2 Bxc3
23.bxc3 Re8 24.Bd4 Rg6 25.Qe5 Qh4 26.Qh8+  1-0

[Event "Warsaw op"]
[Site "Warsaw"]
[Date "1989.??.??"]
[Round "?"]
[White "Stempin, Pawel"]
[Black "Adamski, Jan"]
[Result "1/2-1/2"]
[WhiteElo "2395"]
[BlackElo "2435"]

1.Nf3 Nf6 2.c4 c5 3.Nc3 d5 4.cxd5 Nxd5 5.d4 cxd4 6.Qxd4 Nxc3 7.Qxc3 Nc6 8.e4 e6
9.a3 Qa5 10.Bd2 Qxc3 11.Bxc3 f6 12.Bc4 Bd6 13.O-O Bd7 14.Rfe1 Rc8 15.Bb3 Ke7
16.e5 Nxe5 17.Nxe5 Bxe5 18.Bxe5 fxe5 19.Rxe5 Rc6 20.Ba4 Rd6 21.Bxd7 Kxd7
22.Rb5 b6 23.a4 Rc8 24.h4 Rc2 25.a5 Kc6 26.axb6 axb6 27.Rb3 Rdd2 28.Ra6 Rxf2
29.Raxb6+ Kc5 30.R3b5+ Kd4 31.Rg5 Rxb2 32.Rd6+ Kc4 33.Rxg7 Rbe2 34.Rd8 Kc5
35.Rdg8 h6 36.Rg6 h5 37.Rg5+ Rf5 38.Rxf5+ exf5 39.Rg5 Re5 40.Rxh5 Kd4 41.Rg5 Rd5
42.h5 Ke5 43.Rg6 Rd4 44.Kf2 Rh4 45.h6 f4 46.Ra6 Kf5 47.Kf3 Rh1 48.Ra5+ Kg6
49.Kxf4 Rf1+ 50.Kg4 Kxh6 51.Rg5 Rf2 52.g3 Ra2 53.Re5 Kg6 54.Re6+ Kf7 55.Rb6 Ra5
56.Kh4 Kg7 57.g4 Rc5 58.g5 Rc1  1/2-1/2

[Event "Legion op"]
[Site "Warsaw"]
[Date "1989.??.??"]
[Round "1"]
[White "Hass, Roman"]
[Black "Wiesniak, Tadeusz"]
[Result "1/2-1/2"]
[WhiteElo "2355"]
[BlackElo "2250"]

1.Nf3 Nf6 2.c4 g6 3.Nc3 c5 4.d4 cxd4 5.Nxd4 d6 6.e4 Bg7 7.Be2 O-O 8.O-O Nc6
9.Be3 Ne8 10.Qd2 Nc7 11.Rad1 Ne6 12.Nc2 Nc5 13.f3 a5 14.b3 b6 15.Rb1 Be6
16.Nd5 Qb8 17.a3 Qb7 18.b4 axb4 19.axb4 Na4 20.Nd4 Rfc8 21.Rfc1 Nxd4 22.Bxd4 Bxd4+
23.Qxd4 f6 24.Bd1 Kf7 25.Ra1 b5 26.cxb5 Bxd5 27.Qxd5+ Qxd5 28.exd5 Rxc1 29.Rxc1 Nb6
30.Rc6 Ra1 31.Rxb6 Rxd1+ 32.Kf2 Rxd5 33.Ke3 Ke8 34.Ke4 Rd2 35.Rb8+ Kd7 36.Rb7+ Kc8
37.Ra7 Kb8 38.Rd7 Kc8 39.Ra7 Kb8 40.b6 Rb2 41.Kd5 Rxg2 42.h4 Rd2+ 43.Kc6 Rc2+
44.Kb5 Re2 45.Rd7 g5 46.h5 f5 47.Kc6 Rc2+ 48.Kd5 Re2 49.Kc6 Rc2+ 50.Kb5 Re2
51.h6 g4 52.fxg4 fxg4 53.Rd8+ Kb7 54.Rd7+ Kb8  1/2-1/2

[Event "Legion op"]
[Site "Warsaw"]
[Date "1989.??.??"]
[Round "1"]
[White "Adamski, Jan"]
[Black "Dyballa, Markus"]
[Result "1-0"]
[WhiteElo "2435"]
[BlackElo "2265"]

1.Nf3 Nf6 2.c4 c5 3.Nc3 d5 4.cxd5 Nxd5 5.e4 Nb4 6.Bc4 Nd3+ 7.Ke2 Nf4+ 8.Kf1 Ne6
9.Ne5 Nc6 10.Nxc6 bxc6 11.d3 g6 12.Be3 Nd4 13.Rc1 Bg7 14.Na4 Rb8 15.Qd2 O-O
16.Nxc5 Kh8 17.Nb3 e5 18.Nxd4 exd4 19.Bf4 Rb7 20.h4 h5 21.g3 Kh7 22.Ba6 Rb6
23.Bxc8 Qxc8 24.Kg2 Qe6 25.b3 f5 26.Rhe1 fxe4 27.Rxe4 Qd5 28.Qc2 Ra6 29.Kg1 Rf7
30.Rce1 Rb6 31.Re7 Rb7 32.Rxb7 Rxb7 33.Re8 Rf7 34.Qe2 Rf5 35.Re7 Rf7 36.Re6 Rf6
37.Re8 Rf5 38.Rc8 Qd7 39.Rc7 Qd5 40.Qe7  1-0

[Event "Legion op"]
[Site "Warsaw"]
[Date "1989.??.??"]
[Round "3"]
[White "Weglarz, Leszek"]
[Black "Jurek, Josef"]
[Result "1-0"]
[WhiteElo "2325"]
[BlackElo "2355"]

1.c4 Nf6 2.Nc3 c5 3.Nf3 e6 4.e3 d5 5.d4 Nc6 6.a3 Ne4 7.Bd3 Nxc3 8.bxc3 dxc4
9.Bxc4 Be7 10.O-O Bf6 11.a4 O-O 12.Ba3 b6 13.dxc5 Bxc3 14.Rb1 Qf6 15.Qc2 Bb7
16.Rfc1 Rfd8 17.Bd3 Ne5 18.Nxe5 Bxe5 19.f4 Bxf4 20.Bxh7+ Kh8 21.exf4 Qxf4
22.c6 Rd2 23.Qxd2 Qxd2 24.cxb7 Rd8 25.Be7 Kxh7 26.Bxd8 Qxd8 27.a5  1-0

[Event "Legion op"]
[Site "Warsaw"]
[Date "1989.??.??"]
[Round "11"]
[White "Rotstein, Arkadij"]
[Black "Belkhodja, Slim"]
[Result "0-1"]
[WhiteElo "2420"]
[BlackElo "2365"]

1.c4 Nf6 2.Nc3 c5 3.Nf3 e6 4.g3 d5 5.cxd5 Nxd5 6.Bg2 Nc6 7.O-O Be7 8.d4 O-O
9.e4 Nb6 10.dxc5 Qxd1 11.Rxd1 Bxc5 12.e5 Nc4 13.Na4 Be7 14.Bf4 f6 15.Rac1 N4xe5
16.Nxe5 Nxe5 17.Nc5 Rb8 18.Ne4 Rd8 19.Rxd8+ Bxd8 20.Rd1 Be7 21.Nd6 b6 22.Bh3 Bxd6
23.Rxd6 Nf7 24.Rc6 e5 25.Bxc8 exf4 26.gxf4 Kf8 27.Bf5 g6 28.Bc2 Nd8 29.Rc3 f5
30.Bb3 Rb7 31.Rc8 Rd7 32.Ra8 Ke7 33.Kg2 Ne6 34.Kg3 Nd4 35.Bc4 Rc7 36.Bd3 Rd7
37.h4 Ne6 38.Bb5 Nc7 39.Bxd7 Nxa8 40.Bc6 Nc7 41.h5 gxh5 42.Kh4 Ne6 43.Kxh5 Kf6
44.Kh6 Nxf4 45.Bb5 Nh3 46.f3 f4 47.Bc6 Ng1 48.Kxh7 Kg5 49.Kg7 Kh4 50.Kf6 Kg3
51.Ke5 Nxf3+ 52.Kd5 Ne1 53.Bb5 Nc2 54.Kd6 f3 55.Kc7 Nd4 56.Bd3 Ne2 57.Ba6 Kf4
58.Kb8 Ke3 59.Bb7 f2 60.Bg2 Nf4 61.Bf1 Kd2  0-1

[Event "Werfen op"]
[Site "Werfen"]
[Date "1989.??.??"]
[Round "2"]
[White "Titz, Heimo"]
[Black "Milovanovic, Rade"]
[Result "0-1"]
[WhiteElo "2210"]
[BlackElo "2415"]

1.c4 c5 2.Nf3 Nf6 3.Nc3 d5 4.cxd5 Nxd5 5.g3 Nc6 6.Bg2 Nc7 7.a3 e5 8.b4 f6
9.bxc5 Bxc5 10.Rb1 O-O 11.O-O Rb8 12.Ng5 Nd4 13.Nge4 Be7 14.e3 Nde6 15.d4 exd4
16.exd4 Qxd4 17.Qb3 Kh8 18.Be3 Qe5 19.Rfd1 Qa5 20.Nd6 Bxd6 21.Rxd6 b6 22.Rbd1 Bb7
23.Bxb7 Rxb7 24.Rd7 Rbb8 25.Ne4 Rbd8 26.Qc4 Qb5 27.Qxb5 Nxb5 28.a4 Nbc7 29.a5 bxa5
30.Bxa7 a4 31.Bc5 Rxd7 32.Rxd7 Ra8 33.f4 Nb5 34.f5 Nxc5 35.Nxc5 a3 36.Nb3 a2
37.Na1 h5 38.Rb7 Nd6 39.Rb2 Nxf5 40.Kf2 Kh7 41.Rd2 Ra4 42.Rd1 h4 43.Rd2 hxg3+
44.hxg3 Kg6 45.Kf3 Ra3+ 46.Kf4 Nxg3 47.Rg2 Kf7 48.Rxg3 g5+ 49.Kg4 f5+ 50.Kh3 Rxg3+
51.Kxg3 Ke6  0-1

[Event "Zenica"]
[Site "Zenica"]
[Date "1989.??.??"]
[Round "1"]
[White "Renet, Olivier"]
[Black "Mascarinas, Rico"]
[Result "0-1"]
[WhiteElo "2480"]
[BlackElo "2465"]

1.c4 Nf6 2.Nc3 c5 3.Nf3 b6 4.e4 d6 5.d4 cxd4 6.Nxd4 Bb7 7.Qe2 e6 8.g4 Be7
9.Bg2 Nc6 10.Be3 Nxd4 11.Bxd4 O-O 12.O-O Nd7 13.Be3 a6 14.Rac1 Rc8 15.Rfd1 Qc7
16.b3 Rfe8 17.g5 Qb8 18.h4 Bc6 19.a4 Nc5 20.Rb1 Rcd8 21.Qg4 Nd7 22.Qg3 Rc8
23.h5 b5 24.axb5 axb5 25.g6 Nf6 26.e5 dxe5 27.Bxc6 Rxc6 28.gxf7+ Kxf7 29.Nxb5 Ra6
30.Ra1 Rd8 31.Qf3 e4 32.Qg3 Qxg3+ 33.fxg3 Rxa1 34.Rxa1 Rd3 35.Kf2 Ng4+  0-1

[Event "JUG-chT"]
[Site "Zlatibor"]
[Date "1989.??.??"]
[Round "?"]
[White "Cebalo, Miso"]
[Black "Hulak, Krunoslav"]
[Result "1-0"]
[WhiteElo "2485"]
[BlackElo "2550"]

1.Nf3 Nf6 2.c4 c5 3.Nc3 e6 4.g3 b6 5.Bg2 Bb7 6.O-O Be7 7.d4 cxd4 8.Qxd4 Nc6
9.Qf4 Qb8 10.Rd1 O-O 11.b3 Rd8 12.Bb2 a6 13.Rac1 Qxf4 14.gxf4 Na5 15.Na4 Rab8
16.Be5 d6 17.Bc3 Nd7 18.Nd4 Bf8 19.Nxb6 Nxb3 20.Nxd7 Nxd4 21.Bxd4 Rxd7 22.Rb1 d5
23.cxd5 exd5 24.Bh3 Re7 25.Rb6 Rbe8 26.e3 a5 27.a4 Ra8 28.Be5 Ba6 29.Rxd5 Rb7
30.Rxb7 Bxb7 31.Rd4 Bb4 32.Bg2 Bxg2 33.Kxg2 Rc8 34.Rd7 f6 35.Bc7 Re8 36.Rd5 Ra8
37.f5 Ra6 38.Kf3 Kf8 39.Ke2 Ke7 40.Kd3 g5 41.h3 h5 42.f3 h4 43.Kd4 Kf7 44.Rb5 Ra7
45.Bb6 Rd7+ 46.Rd5 Rb7 47.Bxa5 Bxa5 48.Rxa5 Rb2 49.Ra7+ Kg8 50.a5  1-0

[Event "JUG-chT"]
[Site "Zlatibor"]
[Date "1989.??.??"]
[Round "?"]
[White "Nutu Gajic, Dana"]
[Black "Macek, Vlasta"]
[Result "1-0"]
[WhiteElo "2340"]
[BlackElo "2225"]

1.Nf3 c5 2.c4 Nf6 3.Nc3 b6 4.e4 d6 5.d4 cxd4 6.Nxd4 Bb7 7.Bd3 g6 8.Bc2 Bg7
9.O-O O-O 10.Bg5 Nbd7 11.Qd2 Rc8 12.b3 a6 13.a4 Re8 14.Rad1 Qc7 15.Nd5 Nxd5
16.exd5 Bxd5 17.Nf5 gxf5 18.Qxd5 Ne5 19.f4 Ng6 20.Qxf5 h6 21.Qh3 hxg5 22.Bxg6 fxg6
23.Qe6+ Kh7 24.f5 gxf5 25.Qxf5+ Kh8 26.Qh3+ Kg8 27.Qe6+ Kh7 28.Rf3 Qc5+ 29.Kh1 g4
30.Rf5 Qxf5 31.Qxf5+ Kg8 32.Qe6+ Kf8 33.g3 Be5 34.Rf1+ Bf6 35.Rf4 Red8 36.Rxg4  1-0

[Event "Altensteig"]
[Site "Altensteig"]
[Date "1990.??.??"]
[Round "1"]
[White "Wirthensohn, Heinz"]
[Black "Rajkovic, Dusan"]
[Result "1-0"]
[WhiteElo "2430"]
[BlackElo "2485"]

1.Nf3 Nf6 2.c4 c5 3.Nc3 e6 4.g3 b6 5.Bg2 Bb7 6.O-O a6 7.Re1 Be7 8.e4 d6 9.d4 cxd4
10.Nxd4 Qc7 11.Be3 O-O 12.Rc1 Nbd7 13.f4 Rfe8 14.f5 Bf8 15.fxe6 fxe6 16.Bh3 Nc5
17.b4 Ncxe4 18.Nxe4 Nxe4 19.Nxe6 Qf7 20.Nxf8 Rxf8 21.Rf1 Qe7 22.Qd4 b5 23.Bg2 h6
24.Bf4 Rac8 25.Rfe1 Rfe8 26.cxb5 Rxc1 27.Bxc1 axb5 28.Bf4 d5 29.Bf1 Bc6 30.Bxb5 Bxb5
31.Qxd5+ Qf7 32.Qxb5 g5 33.Be3 Nc3 34.Qc6 Nd5 35.Qxh6 Nxe3 36.Rxe3 Qa7 37.Qg6+  1-0

[Event "Altensteig"]
[Site "Altensteig"]
[Date "1990.??.??"]
[Round "11"]
[White "Stangl, Markus"]
[Black "Rajkovic, Dusan"]
[Result "1/2-1/2"]
[WhiteElo "2435"]
[BlackElo "2485"]

1.Nf3 c5 2.c4 Nf6 3.Nc3 b6 4.g3 Bb7 5.Bg2 g6 6.O-O Bg7 7.d4 cxd4 8.Qxd4 O-O
9.Qh4 d6 10.Bh6 Nbd7 11.Rfd1  1/2-1/2

[Event "Altensteig"]
[Site "Altensteig"]
[Date "1990.??.??"]
[Round "11"]
[White "Schlosser, Philipp"]
[Black "Luther, Thomas"]
[Result "1/2-1/2"]
[WhiteElo "2455"]
[BlackElo "2385"]

1.Nf3 Nf6 2.c4 e6 3.Nc3 c5 4.g3 Nc6 5.Bg2 Be7 6.d4 d5 7.dxc5 Bxc5 8.O-O O-O
9.Bf4 dxc4 10.Qa4 Nd5 11.Qxc4 Nxf4 12.Qxf4 Qe7 13.Rfd1 Bd7 14.Ne5 g5 15.Nxc6 Bxc6
16.Qd2 Rfd8 17.Qc2 Bxg2 18.Kxg2 Rac8 19.Rxd8+ Rxd8 20.Rc1 Bd4 21.Rd1  1/2-1/2